| 000 | 01030nam a2200253Ia 4500 | ||
|---|---|---|---|
| 003 | Ost | ||
| 005 | 20260507075243.0 | ||
| 008 | 260507s9999||||xx |||||||||||||| ||und|| | ||
| 040 | _cfsecg | ||
| 041 | _aara | ||
| 082 | _a330 | ||
| 100 |
_aالعلاق، بشير _eمؤلف |
||
| 245 | 0 |
_aتنظيم و ادارة العلاقات العامة / _c بشير العلاق |
|
| 260 |
_aعمان: _bدار اليازوري, _c2010 |
||
| 300 |
_a244 صفحة؛ _c24 سم |
||
| 504 | _aمراجع ص.241 | ||
| 520 | _aالعملية التخطيطية في مضمار العلاقات العامة ، تنظيم نشاطات العلاقات العامة، التوجيه و القيادة و الاتصال في مضمار العلاقات العامة الفاعلة ، الرقابة على نشاطات العلاقات العامة . | ||
| 653 | _aالاتصال | ||
| 653 | _aالادارة | ||
| 653 | _aالتخطيط | ||
| 653 | _aالرقابة | ||
| 653 | _aالعلاقات العامة | ||
| 942 | _cكتاب | ||
| 999 |
_c43632 _d43632 |
||